|
|
|
|
| LEADER |
00656nam a2200253 a 4500 |
| 001 |
adlib96000001 |
| 003 |
ViArRB |
| 005 |
20151026131420.0 |
| 008 |
960221s1955 dcuabcdjdbkoqu001 0deng d |
| 020 |
|
|
|
| 022 |
|
|
|
| 040 |
|
|
|a Adlib
|
| 082 |
|
|
|a 339.54(540)
|
| 245 |
|
|
|a Finance of Foreign Trade
|
| 250 |
|
|
|
| 260 |
|
|
|a New Delhi
|b Bankers Publishing
|c 1973
|
| 300 |
|
|
|a 662.Ixxx p.
|
| 500 |
|
|
|a
|
| 100 |
|
|
|a Suneja, L.R.
|
| 700 |
|
|
|
| 942 |
|
|
|c BK
|6 _
|
| 653 |
|
|
|a Finance of Foreign Trade
|
| 999 |
|
|
|c 27497
|d 27497
|
| 952 |
|
|
|0 0
|1 0
|2 udc
|4 1
|6 33954540_SUN
|7 0
|9 39112
|a UL
|b UL
|c TF
|d 2010-06-16
|o 339.54(540) SUN
|p 00038550
|r 2010-06-16
|w 2010-06-16
|y BK
|